[Event "Niedersachsen-ch Seniors op 10th"]
[Site "Bad Bevensen"]
[Date "2007.07.03"]
[Round "1"]
[White "Thiessen, Klaus Hinrich"]
[Black "Budt, Karl Heinz"]
[Result "0-1"]
[WhiteElo "1614"]
[BlackElo "1943"]
[PlyCount "88"]
[EventDate "2007.07.03"]
[EventType "swiss"]
[EventRounds "9"]
[EventCountry "GER"]
[SourceTitle "EXT 2022"]
[Source "ChessBase"]
[SourceDate "2021.10.06"]
[SourceVersion "1"]
[SourceVersionDate "2021.10.06"]
[SourceQuality "1"]

1. e4 c5 2. Nc3 d6 3. f4 g6 4. Nf3 Bg7 5. Bb5+ Bd7 6. Bxd7+ Qxd7 7. 0-0 Nc6 8. d3 e6 9. Qe1 Nge7 10. a3 Nd4 11. Nxd4 cxd4 12. Ne2 Rc8 13. c4 dxc3 14. Nxc3 Nc6 15. Be3 0-0 16. Rb1 d5 17. Bf2 Nd4 18. e5 Nb5 19. Nxb5 Qxb5 20. Qd2 Qa4 21. Rfc1 f6 22. d4 fxe5 23. fxe5 b6 24. h3 h5 25. Be3 Kh7 26. Rxc8 Rxc8 27. Rc1 Rc4 28. Rxc4 Qxc4 29. Qc1 Qxc1+ 30. Bxc1 Bf8 31. Kf2 Be7 32. Kf3 b5 33. b4 a6 34. g3 Bd8 35. h4 g5 36. hxg5 Kg6 37. Bf4 Bxg5 38. Bxg5 Kxg5 39. Kg2 Kg4 40. Kh2 h4 41. gxh4 Kxh4 42. Kg2 Kg4 43. Kf2 Kf4 44. Ke2 Ke4 0-1

[Event "Hessen-ch Seniors op 03rd"]
[Site "Bad Sooden-Allendorf"]
[Date "2007.05.02"]
[Round "5"]
[White "Rollwitz, Juergen"]
[Black "Thiessen, Klaus Hinrich"]
[Result "1/2-1/2"]
[WhiteElo "1791"]
[BlackElo "1619"]
[PlyCount "38"]
[EventDate "2007.04.27"]
[EventType "swiss"]
[EventRounds "9"]
[EventCountry "GER"]
[SourceTitle "EXT 2022"]
[Source "ChessBase"]
[SourceDate "2021.10.06"]
[SourceVersion "1"]
[SourceVersionDate "2021.10.06"]
[SourceQuality "1"]

1. c4 e6 2. g3 f5 3. Bg2 Nf6 4. Nf3 Nc6 5. Nc3 Bb4 6. 0-0 0-0 7. d3 Bxc3 8. bxc3 b6 9. Bg5 Bb7 10. Qc2 h6 11. Bd2 Ne7 12. Rab1 c5 13. Bf4 Ne8 14. Rbe1 Ng6 15. Qc1 Nxf4 16. Qxf4 Qc7 17. Qxc7 Nxc7 18. Ne5 Bxg2 19. Kxg2 d5 1/2-1/2

[Event "Mecklenburg VP-ch Seniors op 06th"]
[Site "Plau am See"]
[Date "2006.10.09"]
[Round "6"]
[White "Thiessen, Klaus Hinrich"]
[Black "Seyler, Erhard"]
[Result "0-1"]
[WhiteElo "1596"]
[BlackElo "1601"]
[PlyCount "114"]
[EventDate "2006.10.04"]
[EventType "swiss"]
[EventRounds "9"]
[EventCountry "GER"]
[SourceTitle "EXT 2022"]
[Source "ChessBase"]
[SourceDate "2021.10.06"]
[SourceVersion "1"]
[SourceVersionDate "2021.10.06"]
[SourceQuality "1"]

1. e4 Nf6 2. e5 Nd5 3. d4 d6 4. Nf3 Bg4 5. Bc4 dxe5 6. dxe5 e6 7. h3 Bh5 8. 0-0 c6 9. Be2 Nd7 10. c4 N5b6 11. Nbd2 Qc7 12. Re1 Bxf3 13. Nxf3 Nxe5 14. Nxe5 Qxe5 15. Bf3 Qf6 16. Qe2 Bc5 17. Be3 Bxe3 18. fxe3 Rd8 19. Rf1 Qe7 20. b3 0-0 21. Qf2 Nd7 22. Qg3 Nf6 23. Rf2 Kh8 24. Raf1 Rd3 25. Re1 Rfd8 26. Rfe2 Rd1 27. Rxd1 Rxd1+ 28. Re1 Rxe1+ 29. Qxe1 Qc7 30. Kf2 e5 31. Qb4 Kg8 32. Qd2 a6 33. e4 g6 34. Ke2 b6 35. Kf2 a5 36. Qb2 Qd6 37. Ke3 c5 38. Qd2 Qd4+ 39. Ke2 Qxd2+ 40. Kxd2 Ne8 41. g4 Nd6 42. g5 Kg7 43. Ke3 h6 44. gxh6+ Kxh6 45. Bg4 Kg5 46. Bf3 Kh4 47. Bg2 Kg5 48. Bf1 f5 49. exf5 gxf5 50. Kd2 f4 51. a3 e4 52. Ke2 Nf5 53. Ke1 f3 54. h4+ Nxh4 55. b4 Ng2+ 56. Kd1 Kf4 57. bxc5 bxc5 0-1

[Event "Mecklenburg VP-ch Seniors op 06th"]
[Site "Plau am See"]
[Date "2006.10.08"]
[Round "5"]
[White "Riessbeck, Joachim"]
[Black "Thiessen, Klaus Hinrich"]
[Result "1/2-1/2"]
[WhiteElo "1541"]
[BlackElo "1596"]
[PlyCount "125"]
[EventDate "2006.10.04"]
[EventType "swiss"]
[EventRounds "9"]
[EventCountry "GER"]
[SourceTitle "EXT 2022"]
[Source "ChessBase"]
[SourceDate "2021.10.06"]
[SourceVersion "1"]
[SourceVersionDate "2021.10.06"]
[SourceQuality "1"]

1. d4 e6 2. a3 f5 3. Nf3 Nf6 4. h3 Be7 5. b4 b6 6. Nc3 Bb7 7. e3 0-0 8. Bd3 Ne4 9. Bxe4 fxe4 10. Nd2 d5 11. 0-0 a6 12. f3 Bg5 13. Nb3 exf3 14. Rxf3 Nd7 15. Qf1 Qe7 16. Bd2 e5 17. Re1 e4 18. Rxf8+ Rxf8 19. Qe2 Bh4 20. Rf1 Rxf1+ 21. Qxf1 Qf6 22. Qxf6 Nxf6 23. Ne2 Bg5 24. g3 h5 25. Nf4 Kf7 26. Nc1 Bc8 27. Kg2 Bh6 28. Kh2 Bd7 29. Nce2 Ba4 30. c3 Bb5 31. Nc1 c6 32. Kg1 g5 33. Ng2 Ne8 34. Kf2 Nd6 35. Ne2 Nf5 36. Ng1 Nd6 37. Bc1 Kf6 38. g4 hxg4 39. hxg4 Nc4 40. Ne2 Bf8 41. Ng3 Ba4 42. Ke1 Bb5 43. Kf2 a5 44. Nf5 Ba6 45. Ng3 Bd6 46. Nh5+ Kg6 47. Nhf4+ gxf4 48. exf4 axb4 49. axb4 Bc8 50. Nh4+ Kg7 51. f5 Be7 52. Ng6 Bd8 53. Ne5 Nxe5 54. dxe5 c5 55. Kg3 d4 56. Bb2 d3 57. f6+ Kg6 58. Bc1 Bc7 59. Kf4 b5 60. Kxe4 Bxg4 61. Kd5 Kf7 62. Bf4 Bb6 63. Kc6 1/2-1/2

[Event "Hessen-ch Seniors op 02nd"]
[Site "Bad Sooden-Allendorf"]
[Date "2006.05.02"]
[Round "8"]
[White "Thiessen, Klaus Hinrich"]
[Black "Graffenberger, Wilhelm"]
[Result "1/2-1/2"]
[WhiteElo "1676"]
[BlackElo "1556"]
[PlyCount "95"]
[EventDate "2006.04.25"]
[EventType "swiss"]
[EventRounds "9"]
[EventCountry "GER"]
[SourceTitle "EXT 2007"]
[Source "ChessBase"]
[SourceDate "2006.11.23"]
[SourceVersion "1"]
[SourceVersionDate "2006.11.23"]
[SourceQuality "1"]

1. e4 c5 2. Nc3 Nc6 3. f4 g6 4. Nf3 Bg7 5. Bb5 e6 6. 0-0 Nge7 7. d3 0-0 8. Bxc6 Nxc6 9. Qe1 Qb6 10. e5 Nd4 11. Nxd4 cxd4 12. Ne2 d6 13. exd6 Qxd6 14. Ng3 b6 15. Qe2 Bb7 16. Bd2 Rac8 17. Rac1 Rfe8 18. Ne4 Qd5 19. c3 Red8 20. c4 Qd7 21. b3 Re8 22. Bb4 Bxe4 23. Qxe4 f5 24. Qf3 a5 25. Ba3 Qc6 26. Qxc6 Rxc6 27. Rce1 Kf7 28. Bb2 Rec8 29. Re2 b5 30. Rc1 bxc4 31. bxc4 a4 32. g3 Bf6 33. Rcc2 Rb8 34. Kg2 Rb7 35. Kf2 Rd7 36. Ba3 Rb7 37. Rb2 Rcb6 38. Rxb6 Rxb6 39. Rb2 Rxb2+ 40. Bxb2 Ke7 41. Ba3+ Kd7 42. Kf3 h5 43. h3 e5 44. Bc1 exf4 45. Kxf4 Ke6 46. h4 Kf7 47. Kf3 Ke6 48. Bf4 1/2-1/2

[Event "Hessen-ch Seniors op 02nd"]
[Site "Bad Sooden-Allendorf"]
[Date "2006.04.29"]
[Round "5"]
[White "Schiller, Hans"]
[Black "Thiessen, Klaus Hinrich"]
[Result "1-0"]
[WhiteElo "1724"]
[BlackElo "1676"]
[PlyCount "81"]
[EventDate "2006.04.25"]
[EventType "swiss"]
[EventRounds "9"]
[EventCountry "GER"]
[SourceTitle "EXT 2007"]
[Source "ChessBase"]
[SourceDate "2006.11.23"]
[SourceVersion "1"]
[SourceVersionDate "2006.11.23"]
[SourceQuality "1"]

1. d4 e6 2. Nf3 f5 3. g3 Nf6 4. Bg2 Bb4+ 5. c3 Be7 6. 0-0 0-0 7. Nbd2 d5 8. Ne5 Nbd7 9. Ndf3 Ne4 10. Qc2 Bf6 11. Nxd7 Bxd7 12. Ne5 Be7 13. f3 Nf6 14. c4 c6 15. c5 b6 16. b4 bxc5 17. bxc5 Qa5 18. Bf4 Qd8 19. Qa4 Qc8 20. Rab1 Nh5 21. Bd2 g5 22. Rb3 f4 23. g4 Nf6 24. Rfb1 a5 25. Rb7 Bd8 26. e3 Be8 27. exf4 gxf4 28. Qc2 Nd7 29. Bf1 Bc7 30. Nxc6 Bd8 31. Na7 Rxa7 32. Rxa7 Bf6 33. Qa4 Nxc5 34. Qxa5 Bxd4+ 35. Kg2 e5 36. Rc7 Qe6 37. Rxc5 Bxc5 38. Qxc5 e4 39. Re1 h5 40. Rxe4 dxe4 41. Bc4 1-0

[Event "Hessen-ch Seniors op 02nd"]
[Site "Bad Sooden-Allendorf"]
[Date "2006.04.25"]
[Round "1"]
[White "Wiebke, Elfriede"]
[Black "Thiessen, Klaus Hinrich"]
[Result "0-1"]
[WhiteElo "1007"]
[BlackElo "1676"]
[PlyCount "133"]
[EventDate "2006.04.25"]
[EventType "swiss"]
[EventRounds "9"]
[EventCountry "GER"]
[SourceTitle "EXT 2007"]
[Source "ChessBase"]
[SourceDate "2006.11.23"]
[SourceVersion "1"]
[SourceVersionDate "2006.11.23"]
[SourceQuality "1"]

1. e4 d5 2. Nc3 d4 3. Nd5 c6 4. Nf4 e5 5. Nd3 Bd6 6. Nf3 Bg4 7. Be2 Bxf3 8. Bxf3 Nf6 9. Qe2 0-0 10. c3 c5 11. b4 c4 12. Nb2 d3 13. Qd1 Qc8 14. 0-0 a6 15. h3 b5 16. a4 Nbd7 17. a5 h6 18. Qe1 Qd8 19. Nd1 Nh7 20. Ne3 Ng5 21. Qd1 Nf6 22. h4 Nxf3+ 23. Qxf3 Re8 24. Nf5 Kh7 25. g4 Ra7 26. g5 Ng8 27. Nxd6 Qxd6 28. Qf5+ Qg6 29. Qxg6+ Kxg6 30. f4 exf4 31. Rxf4 hxg5 32. hxg5 Kxg5 33. Rf5+ Kg6 34. Bb2 Rxe4 35. Rc5 Rae7 36. Kf2 Re2+ 37. Kf3 Re1 38. Rc6+ R1e6 39. Rg1+ Kh7 40. Rh1+ Nh6 41. Rc5 Rf6+ 42. Kg3 Re4 43. Rg5 Rg6 44. Rhh5 Rxg5+ 45. Rxg5 Re6 46. Kf4 g6 47. Rc5 Kg7 48. Rd5 Nf5 49. Kf3 Kh6 50. Rd8 Kg5 51. Rf8 Nh6 52. Rd8 f5 53. Rd5 Ng4 54. Kg3 Nf6 55. Rd4 Ne4+ 56. Kf3 Kf6 57. Kf4 g5+ 58. Kf3 Ke5 59. Rxd3 cxd3 60. c4+ Kd6 61. Ke3 Nxd2+ 62. Kxd2 Re2+ 63. Kd1 Rxb2 64. cxb5 axb5 65. a6 Rxb4 66. Kd2 Ra4 67. Kxd3 0-1

[Event "Hessen-ch Seniors op 01st"]
[Site "Bad Sooden-Allendorf"]
[Date "2005.04.30"]
[Round "9"]
[White "Thiessen, Klaus Hinrich"]
[Black "Kotlar, Alfred"]
[Result "0-1"]
[WhiteElo "1789"]
[BlackElo "1982"]
[PlyCount "64"]
[EventDate "2005.04.22"]
[EventType "swiss"]
[EventRounds "9"]
[EventCountry "GER"]
[SourceTitle "EXT 2007"]
[Source "ChessBase"]
[SourceDate "2006.11.23"]
[SourceVersion "1"]
[SourceVersionDate "2006.11.23"]
[SourceQuality "1"]

1. e4 d6 2. d4 Nf6 3. Nc3 g6 4. f4 Bg7 5. Nf3 c5 6. d5 a6 7. a4 0-0 8. Bc4 Qb6 9. a5 Qc7 10. 0-0 Nbd7 11. Re1 b5 12. axb6 Nxb6 13. Qe2 Nxc4 14. Qxc4 Rb8 15. Nd2 Ng4 16. h3 Nf6 17. Ra4 Nd7 18. Ra2 Re8 19. Nf3 Rb4 20. Qd3 Qb8 21. b3 Qc7 22. Ba3 c4 23. Qd2 Qb6+ 24. Kh2 cxb3 25. Rb2 Rc4 26. Rxb3 Qc7 27. Re3 Nc5 28. Bxc5 Rxc5 29. Ne1 Bd7 30. Ra3 Rc8 31. Qd3 Bxc3 32. Rxc3 Rxc3 0-1

[Event "Hessen-ch Seniors op 01st"]
[Site "Bad Sooden-Allendorf"]
[Date "2005.04.28"]
[Round "7"]
[White "Rollwitz, Juergen"]
[Black "Thiessen, Klaus Hinrich"]
[Result "1/2-1/2"]
[WhiteElo "1827"]
[BlackElo "1789"]
[PlyCount "38"]
[EventDate "2005.04.22"]
[EventType "swiss"]
[EventRounds "9"]
[EventCountry "GER"]
[SourceTitle "EXT 2007"]
[Source "ChessBase"]
[SourceDate "2006.11.23"]
[SourceVersion "1"]
[SourceVersionDate "2006.11.23"]
[SourceQuality "1"]

1. d4 e6 2. c4 Bb4+ 3. Bd2 Bxd2+ 4. Qxd2 f5 5. g3 Nf6 6. Bg2 0-0 7. Nc3 d6 8. Nh3 Qe7 9. 0-0 Nc6 10. b3 e5 11. Nd5 Nxd5 12. Bxd5+ Kh8 13. f3 f4 14. Nf2 fxg3 15. hxg3 Nxd4 16. Kg2 c6 17. Be4 Bf5 18. Rh1 Bxe4 19. Nxe4 Rf5 1/2-1/2

[Event "EU-chT Seniors 07th"]
[Site "Dresden"]
[Date "2005.02.25"]
[Round "8"]
[White "Opl, Klaus"]
[Black "Thiessen, Klaus Hinrich"]
[Result "1-0"]
[WhiteElo "2324"]
[BlackElo "2237"]
[PlyCount "69"]
[EventDate "2005.02.18"]
[EventType "team-swiss"]
[EventRounds "8"]
[EventCountry "GER"]
[SourceTitle "EXT 2006"]
[Source "ChessBase"]
[SourceDate "2005.11.24"]
[SourceVersion "1"]
[SourceVersionDate "2005.11.24"]
[SourceQuality "1"]

1. e4 c5 2. Nc3 d6 3. f4 Nc6 4. Nf3 e6 5. Bb5 Nge7 6. d4 cxd4 7. Nxd4 a6 8. Be2 Nxd4 9. Qxd4 Nc6 10. Qf2 Be7 11. Be3 b5 12. 0-0-0 Bd7 13. Kb1 Qc7 14. Bf3 Rb8 15. Qg3 0-0 16. e5 Rfc8 17. exd6 Bxd6 18. Ne4 Be7 19. Bc5 Be8 20. Nd6 Rd8 21. Nxe8 Rxe8 22. Bxc6 Qxc6 23. Bd4 Bf8 24. Rd2 Red8 25. Rhd1 Rd5 26. f5 Rc8 27. a4 Rxf5 28. Bxg7 h6 29. Bxh6+ Kh7 30. Bxf8 Rxf8 31. Rd4 Rh5 32. Rh4 Qc5 33. Rdd4 Rg8 34. Qf3 Rxh4 35. Qxf7+ 1-0

[Event "EU-chT Seniors 07th"]
[Site "Dresden"]
[Date "2005.02.23"]
[Round "6"]
[White "Boehnisch, Manfred"]
[Black "Thiessen, Klaus Hinrich"]
[Result "1/2-1/2"]
[WhiteElo "2364"]
[BlackElo "2237"]
[PlyCount "94"]
[EventDate "2005.02.18"]
[EventType "team-swiss"]
[EventRounds "8"]
[EventCountry "GER"]
[SourceTitle "EXT 2006"]
[Source "ChessBase"]
[SourceDate "2005.11.24"]
[SourceVersion "1"]
[SourceVersionDate "2005.11.24"]
[SourceQuality "1"]

1. e4 c5 2. Nf3 d6 3. Bb5+ Bd7 4. Bxd7+ Qxd7 5. 0-0 Nc6 6. b3 Nf6 7. Qe2 e6 8. Bb2 Be7 9. d4 0-0 10. Rd1 cxd4 11. Nxd4 Nxd4 12. Bxd4 Qc6 13. f3 b5 14. c4 bxc4 15. Qxc4 Qxc4 16. bxc4 Rfc8 17. Nd2 Nd7 18. Kf2 Rc7 19. Rab1 Kf8 20. f4 Bf6 21. Bxf6 Nxf6 22. Rb4 Nd7 23. Ke3 Rac8 24. g3 Nb6 25. Kd4 d5 26. cxd5 exd5 27. e5 Rc2 28. a3 h5 29. Rb5 Ra2 30. Ra5 Rc7 31. h4 Rcc2 32. Nf1 Rc4+ 33. Kd3 Ra4 34. Rxa4 Nxa4 35. Rc1 Rxa3+ 36. Kd4 Nb6 37. Ne3 Ra4+ 38. Kc5 Ra3 39. Kd4 g6 40. Rc5 Ra4+ 41. Kd3 Ra1 42. Ke2 Ra2+ 43. Kd3 Ra3+ 44. Kd4 Ra1 45. Rc7 Ra4+ 46. Kd3 Ra3+ 47. Kd4 Ra4+ 1/2-1/2

[Event "EU-chT Seniors 07th"]
[Site "Dresden"]
[Date "2005.02.21"]
[Round "4"]
[White "Johannessen, Svein"]
[Black "Thiessen, Klaus Hinrich"]
[Result "1/2-1/2"]
[WhiteElo "2291"]
[BlackElo "2237"]
[PlyCount "30"]
[EventDate "2005.02.18"]
[EventType "team-swiss"]
[EventRounds "8"]
[EventCountry "GER"]
[SourceTitle "EXT 2006"]
[Source "ChessBase"]
[SourceDate "2005.11.24"]
[SourceVersion "1"]
[SourceVersionDate "2005.11.24"]
[SourceQuality "1"]

1. Nf3 d5 2. b3 Bf5 3. Bb2 e6 4. g3 h6 5. Bg2 Nf6 6. 0-0 Nbd7 7. d3 c6 8. Nbd2 Bc5 9. e4 Bh7 10. Qe2 0-0 11. e5 Ne8 12. h4 Qe7 13. a3 f5 14. exf6 Nexf6 15. Bh3 Bf5 1/2-1/2

[Event "Oberliga Ost-B 0405"]
[Site "Germany"]
[Date "2004.10.10"]
[Round "1.4"]
[White "Schneider, Heiko"]
[Black "Thiessen, Klaus Hinrich"]
[Result "1-0"]
[WhiteElo "2215"]
[BlackElo "2062"]
[PlyCount "95"]
[EventDate "2004.10.10"]
[EventType "team-tourn"]
[EventRounds "11"]
[EventCountry "GER"]
[SourceTitle "EXT 2006"]
[Source "ChessBase"]
[SourceDate "2005.11.24"]
[SourceVersion "1"]
[SourceVersionDate "2005.11.24"]
[SourceQuality "1"]
[WhiteTeam "Moerlenbach"]
[BlackTeam "Frankfurt FTG"]
[WhiteTeamCountry "GER"]
[BlackTeamCountry "GER"]

1. e4 c6 2. d4 d5 3. Nc3 dxe4 4. Nxe4 Nf6 5. Nxf6+ gxf6 6. c3 Bf5 7. Bd3 Bxd3 8. Qxd3 e6 9. Bf4 Bd6 10. Bg3 Qc7 11. 0-0-0 Nd7 12. Ne2 0-0-0 13. Qf3 f5 14. Bh4 Rde8 15. Kb1 Nb6 16. Nc1 Nc4 17. Qe2 b5 18. Nd3 Rhg8 19. Qf3 Rg4 20. Bg3 Reg8 21. b3 Na3+ 22. Kb2 f4 23. h3 Rxg3 24. fxg3 Rxg3 25. Qf2 Qa5 26. Qd2 b4 27. cxb4 Qg5 28. Kxa3 Rxg2 29. Nf2 Qa5+ 30. Kb2 Bxb4 31. Qc2 Kb7 32. Rdg1 Bc3+ 33. Kb1 Rxg1+ 34. Rxg1 Bxd4 35. Rd1 c5 36. Ne4 Qb6 37. Qg2 Qc6 38. Nd6+ Kc7 39. Qxc6+ Kxc6 40. Nxf7 Kd5 41. Kc2 e5 42. Ng5 h6 43. Nf7 h5 44. Ng5 e4 45. Re1 e3 46. Kd3 a5 47. Nf3 Bf6 48. Rc1 1-0

[Event "Mecklenburg VP-ch Seniors 04th"]
[Site "Plau am See"]
[Date "2004.10.08"]
[Round "5"]
[White "Thiessen, Klaus Hinrich"]
[Black "Durst, Uwe"]
[Result "0-1"]
[WhiteElo "1771"]
[BlackElo "2090"]
[PlyCount "94"]
[EventDate "2004.10.04"]
[EventType "swiss"]
[EventRounds "9"]
[EventCountry "GER"]
[SourceTitle "EXT 2006"]
[Source "ChessBase"]
[SourceDate "2005.11.24"]
[SourceVersion "1"]
[SourceVersionDate "2005.11.24"]
[SourceQuality "1"]

1. e4 d6 2. d4 Nf6 3. Nc3 g6 4. Bc4 c6 5. Nf3 Bg7 6. 0-0 0-0 7. Re1 b5 8. Bd3 b4 9. Ne2 Bg4 10. Ng3 Nbd7 11. h3 Bxf3 12. Qxf3 e5 13. c3 a5 14. Be3 d5 15. Rad1 Qc7 16. dxe5 Nxe5 17. Qe2 Nxd3 18. Qxd3 dxe4 19. Qc2 bxc3 20. bxc3 Nd5 21. Nxe4 Rfe8 22. Bd4 f5 23. Nc5 Qd6 24. Bxg7 Kxg7 25. Nb3 Qf6 26. Nd4 Rab8 27. Qd2 Nb6 28. Rxe8 Rxe8 29. Kf1 Re7 30. Re1 Rxe1+ 31. Qxe1 Nd5 32. Qe6 Qxe6 33. Nxe6+ Kf6 34. Nd4 Nxc3 35. Nxc6 a4 36. Nb4 Ke5 37. Ke1 Kd4 38. f3 Kc4 39. a3 Nb5 40. Nc2 Kb3 41. Kd2 Nxa3 42. Nxa3 Kxa3 43. Kc3 f4 44. h4 h5 45. Kc2 Kb4 46. Kb2 a3+ 47. Ka2 Ka4 0-1

[Event "Mecklenburg VP-ch Seniors 04th"]
[Site "Plau am See"]
[Date "2004.10.06"]
[Round "3"]
[White "Thiessen, Klaus Hinrich"]
[Black "Schlag, Franz"]
[Result "0-1"]
[WhiteElo "1771"]
[BlackElo "2117"]
[PlyCount "140"]
[EventDate "2004.10.04"]
[EventType "swiss"]
[EventRounds "9"]
[EventCountry "GER"]
[SourceTitle "EXT 2006"]
[Source "ChessBase"]
[SourceDate "2005.11.24"]
[SourceVersion "1"]
[SourceVersionDate "2005.11.24"]
[SourceQuality "1"]

1. e4 Nc6 2. d4 e5 3. Nf3 exd4 4. Nxd4 d5 5. Nxc6 bxc6 6. exd5 Qxd5 7. Qxd5 cxd5 8. Bb5+ Bd7 9. Bxd7+ Kxd7 10. Be3 Rb8 11. b3 a6 12. 0-0 Bd6 13. Nd2 c5 14. c3 Ne7 15. Rad1 f6 16. Nf3 g5 17. h3 h5 18. Ne1 Kc6 19. Nd3 Nf5 20. Rfe1 Rbe8 21. b4 Nxe3 22. Rxe3 Rxe3 23. fxe3 c4 24. Ne1 Be5 25. Rc1 g4 26. Kf2 a5 27. a3 Ra8 28. Ke2 axb4 29. axb4 Ra2+ 30. Kd1 gxh3 31. gxh3 Rh2 32. Nf3 Rh1+ 33. Kd2 Rxh3 34. Nxe5+ fxe5 35. Rg1 Rh2+ 36. Kd1 d4 37. exd4 exd4 38. Rg6+ Kd5 39. cxd4 Kxd4 40. Rd6+ Kc3 41. b5 Rh1+ 42. Ke2 Rb1 43. b6 Rb5 44. Kd1 Kb2 45. Rd2+ Kb3 46. Rh2 Rxb6 47. Rxh5 Rg6 48. Rb5+ Kc3 49. Rd5 Rg3 50. Rb5 Rd3+ 51. Kc1 Rh3 52. Kd1 Rh1+ 53. Ke2 Kc2 54. Rb4 c3 55. Rb6 Rh2+ 56. Ke1 Rd2 57. Rb7 Rd4 58. Ke2 Re4+ 59. Kf3 Re6 60. Rb8 Kc1 61. Rb7 Kd2 62. Rd7+ Kc2 63. Rb7 Re5 64. Kf2 Re4 65. Rb8 Kd3 66. Rb3 Kd2 67. Rb7 Rf4+ 68. Kg3 Rf8 69. Rd7+ Kc1 70. Rb7 c2 0-1

[Event "Schoenhagener Seniors op 14th"]
[Site "Uslar"]
[Date "2004.09.03"]
[Round "8"]
[White "Lorenz, Kurt"]
[Black "Thiessen, Klaus Hinrich"]
[Result "1-0"]
[WhiteElo "1908"]
[BlackElo "1812"]
[PlyCount "55"]
[EventDate "2004.08.27"]
[EventType "swiss"]
[EventRounds "9"]
[EventCountry "GER"]
[SourceTitle "EXT 2006"]
[Source "ChessBase"]
[SourceDate "2005.11.24"]
[SourceVersion "1"]
[SourceVersionDate "2005.11.24"]
[SourceQuality "1"]

1. d4 e6 2. e4 d5 3. Nc3 Nc6 4. e5 Nge7 5. f4 Nf5 6. Nf3 Bb4 7. a3 Ba5 8. b4 Bb6 9. Ne2 a6 10. c3 Bd7 11. g4 Nh4 12. Ng3 Nxf3+ 13. Qxf3 Ne7 14. h4 a5 15. Rb1 axb4 16. axb4 c6 17. Bd3 Qc7 18. Nh5 g6 19. Nf6+ Kd8 20. h5 gxh5 21. Rxh5 Ng6 22. Nxh7 Ke7 23. f5 exf5 24. gxf5 Nxe5 25. f6+ Kd8 26. Rxe5 Be6 27. Rxe6 fxe6 28. f7 1-0

[Event "Schoenhagener Seniors op 14th"]
[Site "Uslar"]
[Date "2004.08.30"]
[Round "4"]
[White "Schmidt, Erich"]
[Black "Thiessen, Klaus Hinrich"]
[Result "0-1"]
[WhiteElo "1783"]
[BlackElo "1812"]
[PlyCount "62"]
[EventDate "2004.08.27"]
[EventType "swiss"]
[EventRounds "9"]
[EventCountry "GER"]
[SourceTitle "EXT 2006"]
[Source "ChessBase"]
[SourceDate "2005.11.24"]
[SourceVersion "1"]
[SourceVersionDate "2005.11.24"]
[SourceQuality "1"]

1. d4 e6 2. Nf3 f5 3. Bf4 Nf6 4. h3 Nc6 5. e3 Bb4+ 6. c3 Be7 7. Nbd2 d6 8. Bc4 d5 9. Bd3 0-0 10. g4 Ne4 11. gxf5 exf5 12. h4 Bd6 13. Ne5 Nxd2 14. Kxd2 Bxe5 15. dxe5 Qe8 16. Bb5 a6 17. Bxc6 Qxc6 18. Kc2 b5 19. Qd4 Be6 20. Rag1 Rf7 21. Rg3 Kh8 22. h5 a5 23. a3 b4 24. axb4 axb4 25. Qxb4 d4 26. Rd1 dxc3 27. bxc3 Ra2+ 28. Kb1 Qa6 29. Rgg1 Ra1+ 30. Kc2 Ra2+ 31. Kb1 Rxf2 0-1

[Event "Schoenhagener Seniors op 14th"]
[Site "Uslar"]
[Date "2004.08.28"]
[Round "2"]
[White "Thiessen, Klaus Hinrich"]
[Black "Noack, Heinz"]
[Result "1-0"]
[WhiteElo "1812"]
[BlackElo "1604"]
[PlyCount "67"]
[EventDate "2004.08.27"]
[EventType "swiss"]
[EventRounds "9"]
[EventCountry "GER"]
[SourceTitle "EXT 2006"]
[Source "ChessBase"]
[SourceDate "2005.11.24"]
[SourceVersion "1"]
[SourceVersionDate "2005.11.24"]
[SourceQuality "1"]

1. e4 e5 2. Nf3 Nc6 3. Bb5 a6 4. Ba4 Be7 5. 0-0 d6 6. d4 b5 7. Bb3 Nxd4 8. Nxd4 exd4 9. Bd5 Rb8 10. Qxd4 Bf6 11. Qe3 Ne7 12. Nc3 c6 13. Bb3 0-0 14. a3 Be6 15. Ne2 Bc4 16. Rd1 Qc7 17. Bxc4 bxc4 18. c3 Rfe8 19. Qf3 Ng6 20. Rb1 Ne5 21. Qf5 Qe7 22. Ng3 g6 23. Qf4 Nd3 24. Qg4 Kh8 25. Qe2 d5 26. Rxd3 cxd3 27. Qxd3 dxe4 28. Qxa6 Bxc3 29. Qxc6 Bg7 30. b4 Rbc8 31. Qd5 Rcd8 32. Qb3 Rd3 33. Qc2 f5 34. Bf4 1-0

[Event "Schoenhagener Seniors op 14th"]
[Site "Uslar"]
[Date "2004.08.27"]
[Round "1"]
[White "Blask, Gerhard"]
[Black "Thiessen, Klaus Hinrich"]
[Result "1/2-1/2"]
[WhiteElo "1689"]
[BlackElo "1812"]
[PlyCount "38"]
[EventDate "2004.08.27"]
[EventType "swiss"]
[EventRounds "9"]
[EventCountry "GER"]
[SourceTitle "EXT 2006"]
[Source "ChessBase"]
[SourceDate "2005.11.24"]
[SourceVersion "1"]
[SourceVersionDate "2005.11.24"]
[SourceQuality "1"]

1. Nc3 e6 2. Nf3 f5 3. e4 fxe4 4. Ne5 Nf6 5. Nxe4 d6 6. Nxf6+ Qxf6 7. Nf3 Be7 8. d4 0-0 9. Bd3 Nc6 10. c3 e5 11. Bc4+ Kh8 12. Bg5 Qg6 13. Bxe7 Nxe7 14. 0-0 Bh3 15. Ne1 d5 16. Be2 e4 17. Kh1 Bd7 18. Nc2 Rf6 19. Ne3 Raf8 1/2-1/2

[Event "Bayern-ch Seniors 16th"]
[Site "Schloss Schney"]
[Date "2004.06.07"]
[Round "2"]
[White "Leuschner, Guenter"]
[Black "Thiessen, Klaus Hinrich"]
[Result "0-1"]
[WhiteElo "1820"]
[BlackElo "2150"]
[PlyCount "106"]
[EventDate "2004.06.06"]
[EventType "swiss"]
[EventRounds "9"]
[EventCountry "GER"]
[SourceTitle "EXT 2006"]
[Source "ChessBase"]
[SourceDate "2005.11.24"]
[SourceVersion "1"]
[SourceVersionDate "2005.11.24"]
[SourceQuality "1"]

1. d4 d5 2. Nf3 Nf6 3. g3 c6 4. Bg2 Bf5 5. 0-0 h6 6. Nbd2 Nbd7 7. c4 e6 8. b3 Be7 9. Bb2 0-0 10. a3 Re8 11. Rc1 Ne4 12. Nxe4 Bxe4 13. Re1 Rc8 14. Nd2 Bxg2 15. Kxg2 b5 16. c5 f5 17. f4 Nf6 18. Nf3 Ne4 19. e3 Bf6 20. Ne5 Bxe5 21. dxe5 Qe7 22. Bd4 Kh7 23. Re2 a5 24. Qe1 Ra8 25. Rec2 Rg8 26. Kh1 g5 27. Rg2 Rg6 28. Rcc2 a4 29. b4 Rag8 30. Rg1 Qf7 31. Rcg2 R8g7 32. Qe2 g4 33. Rc1 Kg8 34. Rc2 h5 35. Kg1 Rh6 36. Kf1 h4 37. Rg1 hxg3 38. hxg3 Rh3 39. Qe1 Rgh7 40. Rcg2 R7h5 41. Ke2 Qh7 42. Kd3 Rh2 43. Bc3 Rxg2 44. Rxg2 Rh2 45. Qe2 Rxg2 46. Qxg2 Qh3 47. Qg1 Nxg3 48. Be1 Ne4 49. Kc2 g3 50. Bxg3 Qxg3 51. Qxg3+ Nxg3 52. Kd3 Kf7 53. Kd2 Kg6 0-1